Fotogrammetrisk Ordbok, svenska, engelska, franska, italienska, polska spanska, tyska (Record no. 86427)

MARC details
000 -LEADER
fixed length control field 00480cam a2200169 4500
001 - CONTROL NUMBER
control field D13077
008 - FIXED-LENGTH DATA ELEMENTS--GENERAL INFORMATION
fixed length control field 090401t1965 xxu||||| |||| 00| 0 eng d
035 ## - SYSTEM CONTROL NUMBER
System control number (Sirsi) u7655
041 ## - LANGUAGE CODE
Language code of text/sound track or separate title eng
110 ## - MAIN ENTRY--CORPORATE NAME
Corporate name or jurisdiction name as entry element International Society for Photogrammetry
9 (RLIN) 1323
245 ## - TITLE STATEMENT
Title Fotogrammetrisk Ordbok, svenska, engelska, franska, italienska, polska spanska, tyska
260 ## - PUBLICATION, DISTRIBUTION, ETC.
Place of publication, distribution, etc. Amsterdam
Name of publisher, distributor, etc. Angus
Date of publication, distribution, etc. 1965
350 ## - PRICE (NR) (BK AM CF MU VM SE) [OBSOLETE]
Price 0
520 ## - SUMMARY, ETC.
Summary, etc. Shelf 183; 6 volume
942 ## - ADDED ENTRY ELEMENTS (KOHA)
Suppress in OPAC 0
948 ## - LOCAL PROCESSING INFORMATION (OCLC); SERIES PART DESIGNATOR (RLIN)
c (OCLC) 04/03/1997
Holdings
Withdrawn status Lost status Source of classification or shelving scheme Damaged status Not for loan Home library Current library Shelving location Date acquired Total Checkouts Full call number Barcode Date last seen Copy number Price effective from Koha item type
    Other/Generic Classification Scheme     London London Basement 15/08/1991   SHELF 183 30013993 06/08/2019 1 06/08/2019 Reference material
    Other/Generic Classification Scheme     London London Basement 15/08/1991   SHELF 183 30013994 06/08/2019 2 06/08/2019 Reference material
    Other/Generic Classification Scheme     London London Basement 15/08/1991   SHELF 183 30013995 06/08/2019 3 06/08/2019 Reference material
    Other/Generic Classification Scheme     London London Basement 15/08/1991   SHELF 183 30013996 06/08/2019 4 06/08/2019 Reference material
    Other/Generic Classification Scheme     London London Basement 15/08/1991   SHELF 183 30013997 06/08/2019 5 06/08/2019 Reference material
    Other/Generic Classification Scheme     London London Basement 15/08/1991   SHELF 183 30013998 06/08/2019 6 06/08/2019 Reference material